Accuracy of driver's estimates of vehicle mileage driven /

Bibliographic Details
Main Author: House, Elizabeth G.
Corporate Author: University of North Carolina (System). Highway Safety Research Center
Other Authors: Waller, Patricia F., 1932-2003
Format: Book
Language:English
Published: Chapel Hill : University of North Carolina, Highway Safety Research Center, [1971]
Subjects:

MARC

Tag First Indicator Second Indicator Subfields
LEADER 00000cam a2200000 4500
001 in00000008048
005 20151002070124.0
008 750915s1971 ncua b s00010 eng d
035 |a (OCoLC)01626147 
035 |9 AAA0403AM 
040 |a NCS  |c NCS  |d OCL  |d m.c.  |d TXA  |d UtOrBLW 
050 4 |a TL152.3  |b .H665 1971 
100 1 |a House, Elizabeth G. 
245 1 0 |a Accuracy of driver's estimates of vehicle mileage driven /  |c by Elizabeth G. House , Patricia F. Waller. 
264 1 |a Chapel Hill :  |b University of North Carolina, Highway Safety Research Center,  |c [1971] 
300 |a ii, 23 pages :  |b illustrations ;  |c 28 cm. 
336 |a text  |b txt  |2 rdacontent 
337 |a unmediated  |b n  |2 rdamedia 
338 |a volume  |b nc  |2 rdacarrier 
500 |a "November, 1971." 
504 |a Includes bibliographical references. 
650 0 |a Automobile drivers  |z North Carolina. 
700 1 |a Waller, Patricia F.,  |d 1932-2003. 
710 2 |a University of North Carolina (System).  |b Highway Safety Research Center. 
999 |a MARS 
999 f f |s 0d304973-78b8-3749-a154-60a85f59b1de  |i c9350a89-2384-3f8e-8979-d74d6fabc0d0  |t 0 
952 f f |p ric  |a Texas A&M University  |b Rellis Campus  |c Joint Library Facility  |d Remote Storage  |t 0  |e TL152.3 .H665 1971  |h Library of Congress classification  |i unmediated -- volume  |m A14812566899 
998 f f |a TL152.3 .H665 1971  |t 0  |l Remote Storage